| 000 | 00726nam a2200181 a 4500 | ||
|---|---|---|---|
| 008 | 120416s1964 ||||||||||||||||| || u | ||
| 020 | _a0002173352 | ||
| 050 | _aHF 5386 Mac | ||
| 100 | _aMcCormack, Mark H | ||
| 245 | 1 | 0 | _aWhat they don't teach you at Harvard Business School |
| 260 |
_aLondon _bCollins _c1964 |
||
| 300 | _a251p | ||
| 350 | _a0.00 | ||
| 650 | 0 | _aSUCCESS IN BUSINESS | |
| 650 | 0 | _aBUSINESS | |
| 995 |
_aMAIN LIBRARY OPEN ACCESS _D0.00 _e725114 _FCBU-MAIN LIBRARY (Kitwe) _H1 _I7.95 _jHF 5386 Mac _M1 _ULOST _y004858 _ZMain Library Open Access Collection |
||
| 995 |
_aMAIN LIBRARY OPEN ACCESS _D0.00 _e708341 _FCBU-MAIN LIBRARY (Kitwe) _H2 _I7.95 _jHF 5386 Mac _M2 _UAVAILABLE _y004859 _ZMain Library Open Access Collection |
||
| 999 |
_c83107 _d83107 |
||